000 00511nam a22001937a 4500
003 MPLRDC
005 20220104194748.0
008 210129b ||||| |||| 00| 0 eng d
020 _a978-986-185-684-1
082 _a548.21 HYY
100 _a黄煜晏
245 _a拥抱45℃的天空
_c
250 _a初版
260 _a台湾
_b英属维京群岛商高宝国际有限公司台湾分公司
_c2012
300 _b
490 _a新视野: NY122
650 _a医疗服务
942 _cBK
_o548.21 HYY
999 _c65858
_d65848